Post-war solution to a 21st century problem (Record no. 70640)
[ view plain ]
| 000 -LEADER | |
|---|---|
| fixed length control field | 00984cam a2200217 4500 |
| 001 - CONTROL NUMBER | |
| control field | ABS65618 |
| 008 - FIXED-LENGTH DATA ELEMENTS--GENERAL INFORMATION | |
| fixed length control field | 020701n2002 000 0 eng u |
| 035 ## - SYSTEM CONTROL NUMBER | |
| System control number | (Sirsi) u118621 |
| 100 ## - MAIN ENTRY--PERSONAL NAME | |
| Personal name | Donati, M. |
| 245 ## - TITLE STATEMENT | |
| Title | Post-war solution to a 21st century problem |
| 260 ## - PUBLICATION, DISTRIBUTION, ETC. | |
| Date of publication, distribution, etc. | 2002 |
| 490 ## - SERIES STATEMENT | |
| Series statement | Planning (for the Natural and Built Environment) |
| Volume/sequential designation | 17 May 2002, 9(1) |
| 520 ## - SUMMARY, ETC. | |
| Summary, etc. | Discusses the housebuilding problem in the light of Lord Falconer's suggestion that a programme of prefabricated homes would be a useful solution. Argues that the homes are an innovative idea but are no cheaper to build than conventional homes. Expresses concern that public landowners often have a greater incentive to sell land and property to private developers than to donate it for affordable housing. |
| 590 ## - LOCAL NOTE (RLIN) | |
| Local note | ABS |
| 650 ## - SUBJECT ADDED ENTRY--TOPICAL TERM | |
| Topical term or geographic name entry element | HOUSING |
| 650 ## - SUBJECT ADDED ENTRY--TOPICAL TERM | |
| Topical term or geographic name entry element | MODULAR HOMES |
| 650 ## - SUBJECT ADDED ENTRY--TOPICAL TERM | |
| Topical term or geographic name entry element | PREFABRICATED HOMES |
| 650 ## - SUBJECT ADDED ENTRY--TOPICAL TERM | |
| Topical term or geographic name entry element | NATIONAL HOUSING FEDERATION |
| 690 ## - LOCAL SUBJECT ADDED ENTRY--TOPICAL TERM (OCLC, RLIN) | |
| Topical term or geographic name as entry element | HOUSING-DEVELOPMENT |
| 942 ## - ADDED ENTRY ELEMENTS (KOHA) | |
| Suppress in OPAC | 0 |
| Withdrawn status | Lost status | Source of classification or shelving scheme | Damaged status | Not for loan | Home library | Current library | Shelving location | Date acquired | Total Checkouts | Full call number | Barcode | Date last seen | Copy number | Price effective from | Koha item type |
|---|---|---|---|---|---|---|---|---|---|---|---|---|---|---|---|
| Dewey Decimal Classification | London | London | Journal article | 01/07/2002 | ABS65618 | 118621-1001 | 06/08/2019 | 1 | 06/08/2019 | Journal article |